000 00711nam a2200205Ia 4500
003 OSt
005 20210921113817.0
008 210310s1952 ck fr 100 0 spa d
040 _aCO-JMCR
_cCO-JMCR
041 0 _aspa
082 0 4 _a330.9861 /
_bC748u
_223
111 2 _aConferencia Precios y Monopolios
_d(1952 :
_cBogotá)
_940664
245 1 0 _aUna política de fomento /
_cCarlos Villaveces R
260 _aBogotá :
_bImprenta Nacional,
_c1952
300 _a75 páginas ;
_c23 cm.
650 1 4 _aPolítica económica
_917682
_vEnsayos, conferencias, etc..
_y1952
_zColombia
650 2 4 _aRegulación de precios
_zColombia
_940665
650 2 4 _aLeyes y legislación industrial
_zColombia
_940666
942 _2ddc
_cBK
999 _c8578
_d8578